[Event "Championship Moscow 2015 Seniors rapid"]
[Site "?"]
[Date "2015.11.29"]
[Round "6.18"]
[White "Gik, Evgeny"]
[Black "Rosanov, Lev I."]
[Result "1-0"]
[BlackElo "1905"]
[WhiteElo "2164"]
[LiveChessVersion "1.4.6"]

1. e4 {[%clk 0:10:08]} c5 {[%clk 0:10:09]} 2. Nc3 {[%clk 0:10:13]} e6
{[%clk 0:10:12]} 3. g3 {[%clk 0:10:11]} d5 {[%clk 0:10:13]} 4. exd5 exd5
{[%clk 0:10:16]} 5. Bg2 {[%clk 0:10:01]} Be6 {[%clk 0:10:02]} 6. Nge2
{[%clk 0:09:59]} Nf6 {[%clk 0:09:41]} 7. O-O {[%clk 0:09:44]} Be7
{[%clk 0:08:46]} 8. d3 {[%clk 0:09:38]} O-O {[%clk 0:08:40]} 9. h3
{[%clk 0:09:39]} Nc6 {[%clk 0:08:32]} 10. Nf4 {[%clk 0:09:42]} Qd7
{[%clk 0:08:27]} 11. Re1 {[%clk 0:09:31]} Rfe8 {[%clk 0:08:23]} 12. Nxe6
{[%clk 0:09:12]} fxe6 {[%clk 0:08:26]} 13. g4 {[%clk 0:09:02]} d4
{[%clk 0:07:56]} 14. Ne4 {[%clk 0:08:58]} Nxe4 {[%clk 0:07:26]} 15. Bxe4
{[%clk 0:08:55]} Rf8 {[%clk 0:06:53]} 16. g5 {[%clk 0:08:43]} Bd6
{[%clk 0:06:46]} 17. Bxh7+ {[%clk 0:07:22]} Kxh7 {[%clk 0:06:26]} 18. Qh5+
{[%clk 0:07:25]} Kg8 {[%clk 0:06:29]} 19. g6 {[%clk 0:07:29]} Bh2+
{[%clk 0:06:04]} 20. Kxh2 {[%clk 0:06:37]} Rxf2+ {[%clk 0:05:37]} 21. Kg1
{[%clk 0:06:26]} Qd6 {[%clk 0:02:56]} 22. Qh7+ {[%clk 0:05:43]} Kf8
{[%clk 0:03:00]} 23. Qh8+ {[%clk 0:04:54]} Ke7 {[%clk 0:03:04]} 24. Qxg7+
{[%clk 0:04:56]} Kd8 {[%clk 0:02:20]} 25. Bg5+ {[%clk 0:04:42]} Kc8
{[%clk 0:02:09]} 26. Kxf2 {[%clk 0:04:29]} Qh2+ {[%clk 0:02:13]} 27. Kf3
{[%clk 0:03:49]} Qxh3+ {[%clk 0:02:05]} 28. Ke2 {[%clk 0:03:13]} Qg2+
{[%clk 0:01:23]} 29. Kd1 {[%clk 0:03:13]} Qg4+ {[%clk 0:00:58]} 30. Kc1
{[%clk 0:03:00]} Qxg5+ {[%clk 0:01:02]} 31. Kb1 {[%clk 0:03:04]} Qd2
{[%clk 0:00:38]} 32. Rh1 {[%clk 0:02:33]} Nd8 {[%clk 0:00:31]} 33. Qe5
{[%clk 0:02:22]} Qg2 {[%clk 0:00:16]} 34. Qe4 {[%clk 0:02:20]} Qg5
{[%clk 0:00:10]} 35. a4 {[%clk 0:02:16]} a5 {[%clk 0:00:13]} 36. Rh8
{[%clk 0:01:57]} Ra6 {[%clk 0:00:17]} 37. Ka2 {[%clk 0:01:35]} Rb6
{[%clk 0:00:19]} 38. Rf1 {[%clk 0:01:27]} c4 {[%clk 0:00:22]} 39. Rff8
{[%clk 0:01:17]} Rd6 {[%clk 0:00:15]} 40. Qf4 {[%clk 0:00:54]} Qc5
{[%clk 0:00:18]} 41. Qxd6 {[%clk 0:00:30]} Qxd6 {[%clk 0:00:18]} 42. Rxd8+
{[%clk 0:00:33]} Qxd8 {[%clk 0:00:20]} 43. Rxd8+ {[%clk 0:00:38]} Kxd8
{[%clk 0:00:24]} 44. g7 {[%clk 0:00:42]} cxd3 {[%clk 0:00:26]} 45. cxd3
{[%clk 0:00:45]} Kc7 {[%clk 0:00:30]} 46. g8=Q {[%clk 0:00:47]} 1-0

[Event "Championship Moscow 2015 Seniors rapid"]
[Site "?"]
[Date "2015.11.29"]
[Round "6.19"]
[White "Dubrovin, Anatoly"]
[Black "Novogrudsky, Nikolay"]
[Result "1/2-1/2"]
[BlackElo "2079"]
[WhiteElo "1927"]
[LiveChessVersion "1.4.6"]

1. e4 {[%clk 0:10:08]} c5 {[%clk 0:10:09]} 2. Nf3 {[%clk 0:10:12]} Nc6
{[%clk 0:10:13]} 3. d4 {[%clk 0:10:15]} cxd4 {[%clk 0:10:17]} 4. Nxd4
{[%clk 0:10:19]} Nf6 {[%clk 0:10:21]} 5. Nc3 {[%clk 0:10:22]} d6 {[%clk 0:10:25]}
6. Be2 {[%clk 0:10:25]} e5 {[%clk 0:10:28]} 7. Nf3 {[%clk 0:10:15]} h6
{[%clk 0:10:31]} 8. h3 {[%clk 0:10:13]} Be7 {[%clk 0:10:27]} 9. Be3
{[%clk 0:09:55]} Be6 {[%clk 0:10:26]} 10. O-O {[%clk 0:09:42]} d5
{[%clk 0:09:55]} 11. exd5 {[%clk 0:09:42]} Nxd5 {[%clk 0:09:59]} 12. Nxd5
{[%clk 0:09:42]} Qxd5 {[%clk 0:09:52]} 13. Qxd5 {[%clk 0:09:23]} Bxd5
{[%clk 0:09:55]} 14. c4 {[%clk 0:09:16]} Be6 {[%clk 0:09:39]} 15. b3
{[%clk 0:08:52]} O-O {[%clk 0:09:06]} 16. Bd2 {[%clk 0:08:48]} Rad8
{[%clk 0:08:46]} 17. Bc3 {[%clk 0:08:48]} e4 {[%clk 0:08:02]} 18. Nd2
{[%clk 0:08:12]} f5 {[%clk 0:07:56]} 19. Rfd1 {[%clk 0:08:11]} Bc5
{[%clk 0:07:02]} 20. Nf1 {[%clk 0:07:23]} Nd4 {[%clk 0:06:45]} 21. Bh5
{[%clk 0:06:09]} g6 {[%clk 0:06:36]} 22. Bxd4 {[%clk 0:05:23]} Bxd4
{[%clk 0:06:39]} 23. Rxd4 {[%clk 0:05:27]} Rxd4 {[%clk 0:06:42]} 24. Bxg6
{[%clk 0:05:30]} Kg7 {[%clk 0:06:36]} 25. Bh5 {[%clk 0:05:32]} Kf6
{[%clk 0:06:31]} 26. g3 {[%clk 0:04:42]} Rfd8 {[%clk 0:05:16]} 27. h4
{[%clk 0:04:22]} Ke5 {[%clk 0:04:43]} 28. Re1 {[%clk 0:03:51]} a5
{[%clk 0:04:21]} 29. f4+ {[%clk 0:02:38]} Kf6 {[%clk 0:04:12]} 30. Kf2
{[%clk 0:02:40]} a4 {[%clk 0:03:57]} 31. Rb1 {[%clk 0:02:41]} a3 {[%clk 0:03:46]}
32. Be2 {[%clk 0:02:21]} Bf7 {[%clk 0:01:54]} 33. Ke3 {[%clk 0:02:24]} b6
{[%clk 0:01:40]} 34. Rc1 {[%clk 0:02:23]} R4d7 {[%clk 0:01:33]} 35. Ra1
{[%clk 0:02:18]} Rc7 {[%clk 0:01:30]} 36. Nd2 {[%clk 0:02:15]} b5
{[%clk 0:01:29]} 37. Rb1 {[%clk 0:01:25]} b4 {[%clk 0:01:27]} 38. Ra1
{[%clk 0:01:27]} Be6 {[%clk 0:01:23]} 39. Rc1 {[%clk 0:01:27]} Rg8
{[%clk 0:01:20]} 40. Nf1 {[%clk 0:01:30]} Rd8 {[%clk 0:01:22]} 41. Ra1
{[%clk 0:01:31]} Bf7 {[%clk 0:01:21]} 42. Rc1 {[%clk 0:01:33]} Rc5
{[%clk 0:01:22]} 43. Ra1 {[%clk 0:01:34]} Rc7 {[%clk 0:01:13]} 44. Rc1
{[%clk 0:01:38]} Rc5 {[%clk 0:01:14]} 45. Ra1 {[%clk 0:01:42]} Rc7 1/2-1/2

[Event "Championship Moscow 2015 Seniors rapid"]
[Site "?"]
[Date "2015.11.29"]
[Round "6.20"]
[White "Goroshilov, Vladislav"]
[Black "Baskakov, Nikolay"]
[Result "1-0"]
[BlackElo "1810"]
[WhiteElo "2037"]
[LiveChessVersion "1.4.6"]

1. d4 {[%clk 0:10:07]} Nf6 {[%clk 0:10:07]} 2. c4 {[%clk 0:10:09]} e6
{[%clk 0:10:11]} 3. Nf3 {[%clk 0:10:10]} Bb4+ {[%clk 0:10:12]} 4. Nbd2
{[%clk 0:10:10]} O-O {[%clk 0:10:11]} 5. a3 {[%clk 0:10:14]} Be7 {[%clk 0:10:12]}
6. e4 {[%clk 0:10:14]} d6 {[%clk 0:10:09]} 7. Bd3 {[%clk 0:10:08]} Nbd7
{[%clk 0:09:56]} 8. Qc2 {[%clk 0:10:10]} e5 {[%clk 0:09:47]} 9. h3
{[%clk 0:09:53]} h6 {[%clk 0:09:47]} 10. Nf1 {[%clk 0:09:55]} exd4
{[%clk 0:09:39]} 11. Nxd4 {[%clk 0:09:56]} Ne5 {[%clk 0:09:41]} 12. Be2
{[%clk 0:09:38]} Re8 {[%clk 0:09:34]} 13. Ng3 {[%clk 0:09:33]} c5
{[%clk 0:09:16]} 14. Ndf5 {[%clk 0:09:34]} Bf8 {[%clk 0:09:10]} 15. O-O
{[%clk 0:09:26]} Ng6 {[%clk 0:09:08]} 16. f3 {[%clk 0:08:12]} a6 {[%clk 0:09:05]}
17. Be3 {[%clk 0:08:10]} Rb8 {[%clk 0:08:07]} 18. Rad1 {[%clk 0:07:58]} Qc7
{[%clk 0:08:06]} 19. Qc3 {[%clk 0:07:33]} b5 {[%clk 0:08:04]} 20. Rfe1
{[%clk 0:06:44]} Be6 {[%clk 0:07:27]} 21. b3 {[%clk 0:06:31]} bxc4
{[%clk 0:07:08]} 22. Bxc4 {[%clk 0:06:26]} Ne5 {[%clk 0:06:47]} 23. f4
{[%clk 0:05:43]} Nxc4 {[%clk 0:06:12]} 24. bxc4 {[%clk 0:05:41]} a5
{[%clk 0:05:44]} 25. Bf2 {[%clk 0:03:32]} a4 {[%clk 0:05:34]} 26. Nxh6+
{[%clk 0:02:42]} Kh7 {[%clk 0:04:48]} 27. f5 {[%clk 0:02:35]} Rb3
{[%clk 0:04:45]} 28. Qc2 {[%clk 0:02:37]} Bc8 {[%clk 0:03:52]} 29. Ng4
{[%clk 0:02:40]} Nd7 {[%clk 0:03:26]} 30. Rd3 {[%clk 0:02:14]} Qb7
{[%clk 0:03:05]} 31. Rxb3 {[%clk 0:02:14]} axb3 {[%clk 0:03:08]} 32. Qc3
{[%clk 0:02:06]} f6 {[%clk 0:03:03]} 33. Rb1 {[%clk 0:02:09]} Qa8
{[%clk 0:02:32]} 34. Qxb3 {[%clk 0:02:00]} Ba6 {[%clk 0:02:04]} 35. Nf1
{[%clk 0:01:45]} Rxe4 {[%clk 0:02:00]} 36. Nd2 {[%clk 0:01:36]} Re8
{[%clk 0:01:49]} 37. Qd3 {[%clk 0:01:24]} Bb7 {[%clk 0:01:46]} 38. Qg3
{[%clk 0:01:21]} Be4 {[%clk 0:01:32]} 39. Nxe4 {[%clk 0:01:22]} Qxe4
{[%clk 0:01:27]} 40. Re1 {[%clk 0:01:25]} Qxe1+ {[%clk 0:00:08]} 41. Bxe1
{[%clk 0:01:28]} Ne5 {[%clk 0:00:12]} 42. Bc3 {[%clk 0:01:16]} Nxc4
{[%clk 0:00:00]} 43. Nxf6+ {[%clk 0:01:16]} gxf6 {[%clk 0:00:00]} 44. Qg6+
{[%clk 0:01:16]} 1-0

[Event "Championship Moscow 2015 Seniors rapid"]
[Site "?"]
[Date "2015.11.29"]
[Round "7.1"]
[White "Arkhipov, Sergey"]
[Black "Voevodin, Vladimir"]
[Result "0-1"]
[BlackElo "2323"]
[WhiteElo "2507"]
[LiveChessVersion "1.4.6"]

1. d4 {[%clk 0:10:08]} d6 {[%clk 0:10:09]} 2. Nf3 {[%clk 0:10:10]} Nf6
{[%clk 0:10:13]} 3. c4 {[%clk 0:10:12]} g6 {[%clk 0:10:17]} 4. Nc3
{[%clk 0:10:15]} Bg7 {[%clk 0:10:21]} 5. e4 {[%clk 0:10:17]} O-O {[%clk 0:10:24]}
6. Be2 {[%clk 0:10:21]} e5 {[%clk 0:10:10]} 7. O-O {[%clk 0:10:23]} Nc6
{[%clk 0:10:06]} 8. d5 {[%clk 0:10:26]} Ne7 {[%clk 0:10:10]} 9. Ne1
{[%clk 0:10:26]} Nd7 {[%clk 0:10:13]} 10. Nd3 {[%clk 0:10:27]} f5
{[%clk 0:10:14]} 11. f3 {[%clk 0:10:31]} Rf7 {[%clk 0:09:48]} 12. Bd2
{[%clk 0:10:32]} Bf8 {[%clk 0:09:47]} 13. Rc1 {[%clk 0:10:34]} Kh8
{[%clk 0:09:16]} 14. b4 {[%clk 0:10:35]} a5 {[%clk 0:09:17]} 15. a3
{[%clk 0:10:34]} Ng8 {[%clk 0:09:17]} 16. Qb3 {[%clk 0:10:07]} Ngf6
{[%clk 0:09:10]} 17. Kh1 {[%clk 0:09:52]} Nh5 {[%clk 0:09:06]} 18. exf5
{[%clk 0:09:04]} gxf5 {[%clk 0:09:07]} 19. f4 {[%clk 0:08:59]} Nxf4
{[%clk 0:08:59]} 20. Bxf4 {[%clk 0:08:48]} exf4 {[%clk 0:09:02]} 21. Nxf4
{[%clk 0:08:44]} Ne5 {[%clk 0:09:05]} 22. Nb5 {[%clk 0:08:30]} axb4
{[%clk 0:08:25]} 23. axb4 {[%clk 0:08:34]} Bh6 {[%clk 0:08:20]} 24. Nd4
{[%clk 0:07:50]} Qf6 {[%clk 0:07:36]} 25. Rce1 {[%clk 0:07:32]} Bxf4
{[%clk 0:07:20]} 26. Rxf4 {[%clk 0:07:35]} Ng6 {[%clk 0:07:23]} 27. Qe3
{[%clk 0:06:11]} Nxf4 {[%clk 0:07:23]} 28. Qxf4 {[%clk 0:06:14]} Qe5
{[%clk 0:07:16]} 29. Qd2 {[%clk 0:06:05]} Re7 {[%clk 0:06:50]} 30. Nf3
{[%clk 0:06:08]} Qf6 {[%clk 0:06:51]} 31. h3 {[%clk 0:06:00]} Bd7
{[%clk 0:06:52]} 32. Rf1 {[%clk 0:05:47]} Rae8 {[%clk 0:06:39]} 33. Bd3
{[%clk 0:05:39]} Re3 {[%clk 0:06:32]} 34. Rd1 {[%clk 0:05:10]} f4
{[%clk 0:06:29]} 35. Bf1 {[%clk 0:04:58]} Bf5 {[%clk 0:06:20]} 36. Nh2
{[%clk 0:04:39]} h5 {[%clk 0:05:31]} 37. Qf2 {[%clk 0:04:36]} Qg5
{[%clk 0:05:28]} 38. c5 {[%clk 0:04:16]} Be4 {[%clk 0:05:10]} 39. Rd4
{[%clk 0:04:02]} Qe5 {[%clk 0:05:02]} 40. Rc4 {[%clk 0:03:23]} Rg3
{[%clk 0:04:42]} 41. cxd6 {[%clk 0:03:19]} cxd6 {[%clk 0:04:47]} 42. Qe2
{[%clk 0:02:15]} Bxg2+ {[%clk 0:04:33]} 0-1

[Event "Championship Moscow 2015 Seniors rapid"]
[Site "?"]
[Date "2015.11.29"]
[Round "7.2"]
[White "Balashov, Yuri S"]
[Black "Shvedchikov, Anatoli I."]
[Result "1/2-1/2"]
[BlackElo "2293"]
[WhiteElo "2385"]
[LiveChessVersion "1.4.6"]

1. e4 {[%clk 0:10:07]} c5 {[%clk 0:10:07]} 2. Nf3 {[%clk 0:10:09]} Nc6
{[%clk 0:10:10]} 3. Nc3 {[%clk 0:10:12]} g6 {[%clk 0:10:10]} 4. d4
{[%clk 0:10:15]} cxd4 5. Nxd4 {[%clk 0:10:19]} Bg7 {[%clk 0:10:18]} 6. Be3
{[%clk 0:10:22]} Nf6 {[%clk 0:10:16]} 7. Be2 {[%clk 0:10:24]} O-O
{[%clk 0:10:14]} 8. O-O {[%clk 0:10:25]} d5 {[%clk 0:10:07]} 9. exd5
{[%clk 0:10:02]} Nxd5 {[%clk 0:10:10]} 10. Nxd5 {[%clk 0:09:38]} Qxd5
{[%clk 0:10:12]} 11. Bf3 {[%clk 0:09:33]} Qc4 {[%clk 0:10:13]} 12. Nxc6
{[%clk 0:09:08]} bxc6 {[%clk 0:10:16]} 13. c3 {[%clk 0:09:05]} Be6
{[%clk 0:10:08]} 14. b3 {[%clk 0:08:44]} Qxc3 {[%clk 0:09:18]} 15. Rc1
{[%clk 0:08:47]} Qa5 {[%clk 0:09:21]} 16. Bxc6 {[%clk 0:08:29]} Rac8
{[%clk 0:09:19]} 17. Qe2 {[%clk 0:08:18]} Rfd8 {[%clk 0:08:57]} 18. h3
{[%clk 0:07:38]} Bd4 {[%clk 0:07:48]} 19. Bf4 {[%clk 0:07:13]} Bb6
{[%clk 0:07:27]} 20. Bb5 {[%clk 0:06:42]} Qb4 {[%clk 0:07:08]} 21. Rxc8
{[%clk 0:06:32]} Rxc8 {[%clk 0:07:12]} 22. Bd2 {[%clk 0:06:03]} Qd4
{[%clk 0:06:44]} 23. Bh6 {[%clk 0:05:30]} Qh4 {[%clk 0:06:31]} 24. Be3
{[%clk 0:04:55]} Qe4 {[%clk 0:06:26]} 25. Bd3 {[%clk 0:04:22]} Qe5
{[%clk 0:06:26]} 26. Re1 {[%clk 0:04:18]} Bxe3 {[%clk 0:06:23]} 27. Qxe3
{[%clk 0:04:21]} Qxe3 {[%clk 0:06:26]} 28. Rxe3 {[%clk 0:04:25]} Rc1+
{[%clk 0:06:25]} 29. Kh2 {[%clk 0:04:27]} Ra1 {[%clk 0:06:23]} 30. Re2
{[%clk 0:04:30]} Kf8 {[%clk 0:06:26]} 31. Rd2 {[%clk 0:04:18]} a5
{[%clk 0:06:16]} 32. Kg3 {[%clk 0:04:11]} Bd5 {[%clk 0:06:10]} 33. f3
{[%clk 0:04:06]} e6 {[%clk 0:06:02]} 34. Kf4 {[%clk 0:04:05]} f6 {[%clk 0:06:00]}
35. Ke3 {[%clk 0:04:09]} Ke7 {[%clk 0:06:04]} 36. Be4 {[%clk 0:03:19]} Kd6
{[%clk 0:05:39]} 37. Bxd5 {[%clk 0:03:19]} exd5 {[%clk 0:05:42]} 38. Kd4
{[%clk 0:03:22]} Rc1 {[%clk 0:04:43]} 1/2-1/2

[Event "Championship Moscow 2015 Seniors rapid"]
[Site "?"]
[Date "2015.11.29"]
[Round "7.3"]
[White "Bakhtin, Vladimir A."]
[Black "Lyubimov, Anatoly"]
[Result "1/2-1/2"]
[BlackElo "2147"]
[WhiteElo "2250"]
[LiveChessVersion "1.4.6"]

1. d4 {[%clk 0:10:07]} g6 {[%clk 0:10:08]} 2. c4 {[%clk 0:10:03]} Bg7
{[%clk 0:10:12]} 3. Nc3 {[%clk 0:10:06]} d6 {[%clk 0:10:17]} 4. e4
{[%clk 0:10:02]} e5 {[%clk 0:10:14]} 5. Nge2 {[%clk 0:09:36]} Nc6
{[%clk 0:10:06]} 6. d5 {[%clk 0:09:38]} Nd4 {[%clk 0:10:09]} 7. Be3
{[%clk 0:09:41]} Nxe2 {[%clk 0:10:02]} 8. Bxe2 {[%clk 0:09:44]} f5
{[%clk 0:09:56]} 9. exf5 {[%clk 0:08:21]} Bxf5 {[%clk 0:09:54]} 10. O-O
{[%clk 0:07:48]} Ne7 {[%clk 0:07:41]} 11. Rc1 {[%clk 0:07:25]} O-O
{[%clk 0:07:05]} 12. b4 {[%clk 0:07:24]} a6 {[%clk 0:06:56]} 13. c5
{[%clk 0:07:18]} Bd7 {[%clk 0:06:36]} 14. Qb3 {[%clk 0:06:44]} Kh8
{[%clk 0:06:25]} 15. cxd6 {[%clk 0:05:09]} cxd6 {[%clk 0:06:28]} 16. Bg5
{[%clk 0:04:48]} h6 {[%clk 0:05:56]} 17. Bh4 {[%clk 0:04:39]} g5 {[%clk 0:05:54]}
18. Bg3 {[%clk 0:04:43]} Nf5 {[%clk 0:05:53]} 19. Rfd1 {[%clk 0:04:16]} Rc8
{[%clk 0:04:27]} 20. Ne4 {[%clk 0:03:44]} Rxc1 {[%clk 0:03:31]} 21. Rxc1
{[%clk 0:03:48]} Nd4 {[%clk 0:03:35]} 22. Qe3 {[%clk 0:03:48]} Qb6
{[%clk 0:03:06]} 23. a3 {[%clk 0:03:35]} Rc8 {[%clk 0:02:33]} 24. Rxc8+
{[%clk 0:03:35]} Bxc8 {[%clk 0:02:38]} 25. Bf1 {[%clk 0:03:38]} Bd7
{[%clk 0:02:10]} 26. Nxd6 {[%clk 0:03:02]} Qxd6 {[%clk 0:01:42]} 27. Qxd4
{[%clk 0:03:06]} exd4 {[%clk 0:01:19]} 28. Bxd6 {[%clk 0:03:09]} Bf5
{[%clk 0:01:18]} 29. Be2 {[%clk 0:01:53]} b5 {[%clk 0:01:14]} 30. g4
{[%clk 0:01:40]} d3 {[%clk 0:01:13]} 31. Bd1 {[%clk 0:01:33]} Be4
{[%clk 0:01:13]} 32. f4 {[%clk 0:01:28]} Bxd5 {[%clk 0:01:03]} 33. fxg5
{[%clk 0:01:30]} hxg5 {[%clk 0:01:07]} 34. Be7 {[%clk 0:01:18]} Bd4+
{[%clk 0:01:04]} 35. Kf1 {[%clk 0:01:22]} Be3 {[%clk 0:01:06]} 36. h4
{[%clk 0:01:23]} gxh4 {[%clk 0:01:05]} 37. Bxh4 {[%clk 0:01:27]} Bc1
{[%clk 0:01:03]} 38. Be7 {[%clk 0:01:20]} Bxa3 {[%clk 0:01:01]} 39. Ke1
{[%clk 0:01:24]} Kg7 {[%clk 0:00:59]} 40. Kd2 {[%clk 0:01:28]} Bc4
{[%clk 0:00:58]} 41. g5 {[%clk 0:01:28]} a5 {[%clk 0:00:58]} 42. Bf6+
{[%clk 0:01:31]} Kg6 {[%clk 0:01:00]} 43. bxa5 {[%clk 0:01:35]} Bb4+
{[%clk 0:01:00]} 44. Bc3 {[%clk 0:01:34]} Bxc3+ 45. Kxc3 {[%clk 0:01:37]} Bd5
{[%clk 0:00:48]} 46. Kxd3 {[%clk 0:01:36]} Kxg5 {[%clk 0:00:46]} 47. Kd4
{[%clk 0:01:37]} Bg2 {[%clk 0:00:30]} 48. Kc5 {[%clk 0:01:40]} Kf6
{[%clk 0:00:30]} 49. Kxb5 {[%clk 0:01:43]} Ke7 {[%clk 0:00:34]} 50. Kb6
{[%clk 0:01:44]} Kd8 {[%clk 0:00:35]} 51. Bg4 {[%clk 0:01:48]} Bf1
{[%clk 0:00:34]} 52. Be6 {[%clk 0:01:47]} Be2 {[%clk 0:00:34]} 1/2-1/2

[Event "Championship Moscow 2015 Seniors rapid"]
[Site "?"]
[Date "2015.11.29"]
[Round "7.4"]
[White "Tchernyi, Viktor"]
[Black "Ageichenko, Genadi A"]
[Result "1/2-1/2"]
[BlackElo "2219"]
[WhiteElo "2249"]
[LiveChessVersion "1.4.6"]

1. e4 {[%clk 0:10:06]} c6 {[%clk 0:10:09]} 2. d4 {[%clk 0:10:05]} d5
{[%clk 0:10:13]} 3. Nc3 {[%clk 0:10:08]} dxe4 {[%clk 0:10:09]} 4. Nxe4
{[%clk 0:10:11]} Nf6 {[%clk 0:09:46]} 5. Nxf6+ {[%clk 0:10:09]} gxf6
{[%clk 0:09:50]} 6. c3 {[%clk 0:09:38]} Bf5 {[%clk 0:09:37]} 7. Ne2
{[%clk 0:09:17]} h5 {[%clk 0:09:25]} 8. Ng3 {[%clk 0:08:34]} Bg6 {[%clk 0:09:28]}
9. h4 {[%clk 0:08:04]} Nd7 {[%clk 0:09:09]} 10. Be2 {[%clk 0:06:40]} Qa5
{[%clk 0:08:28]} 11. Bd2 {[%clk 0:05:28]} O-O-O {[%clk 0:08:22]} 12. O-O
{[%clk 0:02:48]} Bh6 {[%clk 0:07:42]} 13. b4 {[%clk 0:02:34]} Qc7
{[%clk 0:07:46]} 14. Bxh6 {[%clk 0:02:28]} Rxh6 {[%clk 0:07:50]} 15. Rb1
{[%clk 0:02:10]} Nb6 {[%clk 0:07:33]} 16. Rb2 {[%clk 0:02:05]} Qf4
{[%clk 0:07:11]} 17. Qc1 {[%clk 0:02:01]} Nd5 {[%clk 0:07:03]} 18. c4
{[%clk 0:01:59]} Qxc1 {[%clk 0:07:01]} 19. Rxc1 {[%clk 0:02:03]} Nf4
{[%clk 0:07:02]} 20. d5 {[%clk 0:01:42]} cxd5 {[%clk 0:06:55]} 21. Rd2
{[%clk 0:01:31]} Rhh8 {[%clk 0:06:32]} 22. cxd5+ {[%clk 0:01:28]} Kb8
{[%clk 0:06:35]} 23. Bf3 {[%clk 0:01:23]} e5 {[%clk 0:05:59]} 24. Be4
{[%clk 0:01:10]} Rd6 {[%clk 0:05:53]} 25. a3 {[%clk 0:00:40]} Rhd8
{[%clk 0:05:39]} 26. Nf5 {[%clk 0:00:32]} Bxf5 {[%clk 0:05:38]} 27. Bxf5
{[%clk 0:00:36]} Nxd5 {[%clk 0:03:55]} 28. Rcd1 {[%clk 0:00:31]} Kc7
{[%clk 0:03:59]} 29. Rc1+ {[%clk 0:00:31]} Kb6 {[%clk 0:04:01]} 30. Rcd1
{[%clk 0:00:33]} Kc7 {[%clk 0:03:34]} 31. Be4 {[%clk 0:00:29]} Nb6
{[%clk 0:01:33]} 32. Rxd6 {[%clk 0:00:28]} Rxd6 {[%clk 0:01:37]} 33. Rxd6
{[%clk 0:00:32]} Kxd6 34. Bxb7 Nc4 {[%clk 0:01:32]} 35. Bf3 {[%clk 0:00:24]} Nxa3
{[%clk 0:01:31]} 36. Bxh5 {[%clk 0:00:28]} Nc2 {[%clk 0:01:29]} 37. Bxf7
{[%clk 0:00:26]} Nxb4 {[%clk 0:01:32]} 38. h5 {[%clk 0:00:28]} Ke7
{[%clk 0:01:36]} 39. Bb3 {[%clk 0:00:25]} Nc6 {[%clk 0:01:32]} 40. Kf1
{[%clk 0:00:14]} Kf8 {[%clk 0:01:32]} 41. h6 {[%clk 0:00:11]} Nd4
{[%clk 0:01:34]} 42. Bd5 {[%clk 0:00:09]} Nf5 {[%clk 0:01:37]} 43. h7
{[%clk 0:00:11]} Kg7 {[%clk 0:01:42]} 44. g4 {[%clk 0:00:09]} Nd6
{[%clk 0:01:43]} 45. Bg8 {[%clk 0:00:12]} Ne4 {[%clk 0:01:39]} 46. Ke2
{[%clk 0:00:12]} Ng5 {[%clk 0:01:43]} 47. Ke3 {[%clk 0:00:15]} Nxh7
{[%clk 0:01:46]} 48. Bb3 {[%clk 0:00:17]} Ng5 {[%clk 0:01:50]} 49. f4
{[%clk 0:00:20]} exf4+ {[%clk 0:01:53]} 50. Kxf4 {[%clk 0:00:25]} Nf7
{[%clk 0:01:51]} 51. Kf5 {[%clk 0:00:25]} Nd6+ {[%clk 0:01:51]} 52. Kf4
{[%clk 0:00:25]} a5 53. g5 f5 54. Ke5 Kg6 55. Kxd6 Kg7 1/2-1/2

[Event "Championship Moscow 2015 Seniors rapid"]
[Site "?"]
[Date "2015.11.29"]
[Round "7.5"]
[White "Hramtsov, Alexander"]
[Black "Tsarev, Valery"]
[Result "1/2-1/2"]
[BlackElo "2270"]
[WhiteElo "2189"]
[LiveChessVersion "1.4.6"]

1. g3 {[%clk 0:10:09]} d5 {[%clk 0:09:54]} 2. Bg2 {[%clk 0:10:12]} e6
{[%clk 0:09:54]} 3. Nf3 {[%clk 0:10:11]} Ne7 {[%clk 0:09:57]} 4. O-O
{[%clk 0:10:13]} g6 {[%clk 0:10:01]} 5. d4 {[%clk 0:10:06]} Bg7 {[%clk 0:10:04]}
6. c4 {[%clk 0:10:03]} Nbc6 {[%clk 0:10:02]} 7. cxd5 {[%clk 0:09:40]} exd5
{[%clk 0:09:57]} 8. Bg5 {[%clk 0:09:32]} h6 {[%clk 0:09:58]} 9. Bxe7
{[%clk 0:09:34]} Nxe7 {[%clk 0:09:32]} 10. Nc3 {[%clk 0:09:33]} c6
{[%clk 0:09:36]} 11. b4 {[%clk 0:09:23]} O-O {[%clk 0:09:30]} 12. b5
{[%clk 0:09:05]} Qa5 {[%clk 0:09:12]} 13. Qb3 {[%clk 0:08:50]} Nf5
{[%clk 0:08:57]} 14. e3 {[%clk 0:08:45]} Nd6 {[%clk 0:08:54]} 15. bxc6
{[%clk 0:08:46]} bxc6 {[%clk 0:08:58]} 16. Rfc1 {[%clk 0:08:28]} Nc4
{[%clk 0:08:55]} 17. Qa4 {[%clk 0:07:42]} Qxa4 {[%clk 0:07:49]} 18. Nxa4
{[%clk 0:07:44]} Bf5 {[%clk 0:07:50]} 19. Rc3 {[%clk 0:07:12]} g5
{[%clk 0:07:49]} 20. Bf1 {[%clk 0:06:29]} Be4 {[%clk 0:06:58]} 21. Bxc4
{[%clk 0:06:25]} Bxf3 {[%clk 0:06:53]} 22. Bf1 {[%clk 0:06:09]} f5
{[%clk 0:06:32]} 23. Rxc6 {[%clk 0:05:49]} f4 {[%clk 0:06:34]} 24. gxf4
{[%clk 0:05:28]} gxf4 {[%clk 0:06:38]} 25. Bg2 {[%clk 0:05:24]} fxe3
{[%clk 0:06:40]} 26. fxe3 {[%clk 0:05:25]} Rae8 {[%clk 0:06:42]} 27. Rc3
{[%clk 0:05:24]} Re6 {[%clk 0:05:56]} 28. Rf1 {[%clk 0:03:27]} Rg6
{[%clk 0:05:57]} 29. Rf2 {[%clk 0:03:29]} Be4 {[%clk 0:05:58]} 30. Rb2
{[%clk 0:03:02]} Rf3 {[%clk 0:05:23]} 31. Re2 {[%clk 0:02:38]} Bf8
{[%clk 0:03:23]} 32. Nc5 {[%clk 0:02:30]} Bxc5 {[%clk 0:02:42]} 33. dxc5
{[%clk 0:01:57]} Rf7 {[%clk 0:02:46]} 34. c6 {[%clk 0:01:37]} Rc7
{[%clk 0:02:49]} 35. Kf1 {[%clk 0:01:33]} Rcxc6 {[%clk 0:02:47]} 36. Rxc6
{[%clk 0:01:36]} Rxc6 {[%clk 0:02:52]} 37. Bxe4 {[%clk 0:01:39]} dxe4
{[%clk 0:02:56]} 38. Rd2 {[%clk 0:01:30]} Ra6 {[%clk 0:02:50]} 39. Kf2
{[%clk 0:01:29]} Rf6+ {[%clk 0:02:41]} 40. Kg2 {[%clk 0:01:30]} Rf3
{[%clk 0:02:41]} 41. Rd8+ {[%clk 0:01:31]} Kf7 {[%clk 0:02:40]} 42. Rd7+
{[%clk 0:01:35]} Kf6 {[%clk 0:02:35]} 43. Rxa7 {[%clk 0:01:39]} Rxe3
{[%clk 0:02:39]} 44. a4 {[%clk 0:01:20]} Ra3 {[%clk 0:02:43]} 45. Ra5
{[%clk 0:01:18]} Kg6 {[%clk 0:02:37]} 46. Kf2 {[%clk 0:01:17]} h5
{[%clk 0:02:41]} 47. h4 {[%clk 0:01:20]} Rf3+ {[%clk 0:02:38]} 48. Kg2 1/2-1/2